Normal view
MARC view
Entry Topical Term
001 - CONTROL NUMBER
- control field: 73098
003 - CONTROL NUMBER IDENTIFIER
- control field: OSt
005 - DATE AND TIME OF LATEST TRANSACTION
- control field: 20230223133846.0
008 - FIXED-LENGTH DATA ELEMENTS
- fixed length control field: 230223|| aca||aabn | a|a d
040 ## - CATALOGING SOURCE
- Original cataloging agency: OSt
- Transcribing agency: OSt
150 ## - HEADING--TOPICAL TERM
- Topical term or geographic name entry element: Capacity planning
670 ## - SOURCE DATA FOUND
- Source citation: Work cat.: (OSt)226771: Krajewski, Lee J. 72783, Operations Management : , 2022.